|
|
|
|
| LEADER |
01080nam a2200253 a 4500 |
| 001 |
3906580 |
| 008 |
090709s1992 caua b 100 0 eng d |
| 010 |
|
|
|a 91030890
|
| 020 |
|
|
|a 0803938071 (cl)
|
| 020 |
|
|
|a 080393808X (pb)
|
| 040 |
|
|
|a DLC
|c DLC
|d DLC
|
| 082 |
0 |
0 |
|a 155/.072
|2 20
|
| 245 |
0 |
0 |
|a Stability and change in development :
|b a study of methodological reasoning /
|c edited by Jens B. Asendorpf, Jaan Valsiner.
|
| 260 |
|
|
|a Newbury Park :
|b Sage,
|c c1992.
|
| 300 |
|
|
|a xxii, 264 p. :
|b ill. ;
|c 23 cm.
|
| 500 |
|
|
|a Based on a conference held in the Benedictine Convent of Bernried, F.R.G., in July 1989.
|
| 504 |
|
|
|a Includes bibliographical references.
|
| 541 |
1 |
|
|e 00007206
|
| 650 |
|
0 |
|a Developmental psychology
|x Methodology
|x Congresses.
|
| 700 |
1 |
|
|a Asendorpf, Jens.
|
| 700 |
1 |
|
|a Valsiner, Jaan.
|
| 852 |
4 |
|
|a Ayesha Abed Library
|j General Shelf.
|
| 999 |
|
|
|c 2241
|d 2241
|
| 952 |
|
|
|0 0
|1 0
|2 ddc
|4 0
|6 155_072000000000000_STA
|7 0
|9 2067
|a BRACUL
|b BRACUL
|c GEN
|d 2009-07-09
|g 0.00
|l 0
|o 155.072 STA
|p 3010007206
|r 2009-07-09
|t 1
|w 2009-07-09
|y BK
|x No price found in the accession register.
|